Historia del derecho: décadas de investigación y de docencia Homenaje a Albelardo Levaggi

Salvato in:
Dettagli Bibliografici
Autore principale: Rabinovich-Berkman, Ricardo (Autore)
Altri autori: Parise, Agustín (autor)
Natura: Libro
Lingua:spagnolo
Pubblicazione: Buenos Aires Eudeba 2016
Edizione:1a. ed
Serie:Serie Sociales
Soggetti:
Tags: Aggiungi Tag
Nessun Tag, puoi essere il primo ad aggiungerne!!

MARC

LEADER 00000cam a2200000 a 4500
001 UCD8690
003 CL-VaPUC
008 170519e20160000ag |||||||||||||||||spa|d
020 |a 9789502326313 
082 0 4 |a 340.09  |b RAB  |2 21 
100 0 |a Rabinovich-Berkman, Ricardo  |e author  |9 592181 
700 |a Parise, Agustín  |e autor  |9 592182 
245 1 0 |a Historia del derecho: décadas de investigación y de docencia Homenaje a Albelardo Levaggi 
250 |a 1a. ed 
300 |a 486 p 
942 |c BK 
945 |d 20170519 15:42:00  |a arojas 
260 |a Buenos Aires  |b Eudeba  |c 2016 
650 0 |a Historia del derecho  |9 255109 
650 0 |a Homenajes  |9 258192 
583 |a last modification  |c 20170519 15:42:00  |k Rodrigo Vera 
490 0 |a Serie Sociales 
999 |c 368020  |d 368018 
952 |0 0  |1 0  |3 erb  |4 0  |6 340_090000000000000_RAB_2016  |7 0  |8 A  |9 483269  |a BIBDER  |b BIBDER  |i 5376246  |o 340.09 RAB 2016  |p 5376246  |r 2023-01-25  |w 2019-11-24  |y BK  |z Catalogado en:20170519  |k DER